History in history: Interpretations of the Indian pasts (Record no. 394639)

MARC details
000 -LEADER
fixed length control field 00501 a2200193 4500
005 - DATE & TIME
control field 20260128103603.0
008 - FIXED-LENGTH DATA ELEMENTS--GENERAL INFORMATION
fixed length control field 260127b |||||||| |||| 00| 0 eng d
020 ## - ISBN
International Standard Book Number 9789361772658
Price Rs. 1795.00
040 ## - CATALOGING SOURCE
Original cataloging agency VIVEKANANDA LIBRARY
082 ## - DDC NUMBER
Classification number 954.0072
Book Number V319H
100 ## - MAIN ENTRY--PERSONAL NAME
Personal name Vanina, Eugenia
245 ## - TITLE STATEMENT
Title History in history: Interpretations of the Indian pasts
260 ## - PUBLICATION, DISTRIBUTION, ETC. (IMPRINT)
Name of publisher, distributor, etc Primus Books
Date of publication, distribution, etc 2024
Place of publication, distribution, etc Delhi
300 ## - PHYSICAL DESCRIPTION
Pages 420
650 ## - Subject
Subject History
650 ## - Subject
Subject Historigraphy
650 ## - Subject
Subject India
942 ## - ADDED ENTRY ELEMENTS (KOHA)
Koha item type Books
Holdings
Withdrawn status Lost status Source of classification or shelving scheme Damaged status Not for loan Location (home branch) Sublocation or collection (holding branch) Shelving location Date acquired Koha issues (times borrowed) Koha full call number Accession No. Koha date last seen Koha item type
    Dewey Decimal Classification     VIVEKANANDA LIBRARY VIVEKANANDA LIBRARY Vivekananda Library 17/12/2025   954.0072 V319H 443723 17/12/2025 Books
© Designed and Maintained by Vivekananda Library, MDU Rohtak